000 00429nam a2200157Ia 4500
008 100122s9999 xx 000 0 und d
082 _b74757
_aB823.08
100 _aDIXON FRANKLIN
245 _aHUNTING FOR HIDDEN GOLD (THE HARDY BOYS-5)
250 _a2
260 _c2004
300 _a175
630 _aHUNTING FOR HIDDEN GOLD (THE HARDY BOYS-5)
730 _aHUNTING FOR HIDDEN GOLD (THE HARDY BOYS-5)
942 _cBOOK
999 _c390737
_d390734